000819595 001__ 819595 000819595 005__ 20210826102039.0 000819595 0247_ $$2ISSN$$a2079-9276 000819595 037__ $$aRWTH-2021-05166 000819595 041__ $$aEnglish 000819595 1001_ $$aIngrao, Carlo$$b0$$eEditor 000819595 245__ $$aSpecial Issue "Life Cycle Sustainability Analysis of Resource Recovery from Waste Management Systems in a Circular Economy Perspective"$$cSpecial Issue Editors: Prof. Dr. Carlo Ingrao, Guest Editor; Prof. Dr. Claudia Arcidiacono, Guest Editor; Prof. Dr. Valentina Siracusa, Guest Editor; Prof. Dr. Monia Niero, Guest Editor; Prof. Dr. Marzia Traverso; Guest Editor$$honline 000819595 260__ $$aBasel$$bMDPI$$c2020 000819595 260__ $$c2021 000819595 300__ $$a1 Online-Ressource 000819595 3367_ $$01$$2EndNote$$aBook 000819595 3367_ $$0PUB:(DE-HGF)3$$2PUB:(DE-HGF)$$aBook$$bbook$$mbook 000819595 3367_ $$2BibTeX$$aBOOK 000819595 3367_ $$2DRIVER$$abook 000819595 3367_ $$2DataCite$$aOutput Types/Book 000819595 3367_ $$2ORCID$$aBOOK 000819595 500__ $$a2020-2021 000819595 591__ $$aDenmark 000819595 591__ $$aGermany 000819595 591__ $$aItaly 000819595 7001_ $$aArcidiacono, Claudia$$b1$$eEditor 000819595 7001_ $$aSiracusa, Valentina$$b2$$eEditor 000819595 7001_ $$aNiero, Monia$$b3$$eEditor 000819595 7001_ $$0P:(DE-82)IDM02161$$aTraverso, Marzia$$b4$$eEditor$$urwth 000819595 773__ $$0PERI:(DE-600)2682482-6$$tResources : open access journal$$x2079-9276 000819595 8564_ $$uhttps://www.mdpi.com/journal/resources/special_issues/LCA_recovery$$yFulltext 000819595 909CO $$ooai:publications.rwth-aachen.de:819595$$pVDB 000819595 915__ $$0StatID:(DE-HGF)0510$$2StatID$$aOpenAccess 000819595 915__ $$0LIC:(DE-HGF)CCBY4$$2HGFVOC$$aCreative Commons Attribution CC BY 4.0 000819595 9141_ $$y2020 000819595 9101_ $$0I:(DE-588b)36225-6$$6P:(DE-82)IDM02161$$aRWTH Aachen$$b4$$kRWTH 000819595 9201_ $$0I:(DE-82)316710_20180607$$k316710$$lLehrstuhl für Nachhaltigkeit im Bauwesen$$x0 000819595 961__ $$c2021-05-27T12:24:38.251064$$x2021-05-27T12:24:38.251064$$z2021-05-27T12:24:38.251064 000819595 980__ $$aI:(DE-82)316710_20180607 000819595 980__ $$aUNRESTRICTED 000819595 980__ $$aVDB 000819595 980__ $$abook